000 00390nam a2200145Ia 4500
008 220216s9999 xx 000 0 und d
100 _aJoseph J
245 0 _aChanging dimensions of external trade in India's latex and latex based products
260 _bRubber Board Bulletin
_c2013
300 _a14-16
650 _aNR latex
650 _aTapping
700 _aGeorge K T
942 _cBS
999 _c51822
_d51822